000 00374 a2200145 4500
003 Nust
005 20170207154037.0
040 _cNust
100 _aHanna Goszczynska
245 _aObject Tracking (E-Book)
_cHanna Goszczynska
260 _aIndia
_bIntech
_c© 2011
300 _a296p;
505 _aPART-1: Methods (Page-1) 1PART-2: Applications (Page-199)
651 _a(E-Book)
942 _2ddc
_cBK
999 _c192447
_d192447